000 00592nam a2200181Ia 4500
003 GCL
008 140319s9999 xx 000 0 ara d
040 _aGCL /
_cGCL
082 0 4 _a320.56
_bم ص
100 1 _aمارلين نصر
245 1 0 _aصورة العرب والاسلام فى الكتب المدرسية الفرنسية /
_cمارلين نصر
300 _a364 ص
490 _aالهيئة العامة للاستعلامات
_v0
650 0 4 _aالاسلام - فرنسا
650 0 4 _aفرنسا - التعليم
650 0 4 _aالمدارس - فرنسا
942 _2ddc
_cBK
999 _c49248
_d49248